Normal view
MARC view
- Supervisor Dr. Hasan Aftab Saeed
Entry Corporate Name
001 - CONTROL NUMBER
- control field: 84874
003 - CONTROL NUMBER IDENTIFIER
- control field: NUST
005 - DATE AND TIME OF LATEST TRANSACTION
- control field: 20211122120428.0
008 - FIXED-LENGTH DATA ELEMENTS
- fixed length control field: 211122|| aca||aabn | a|a d
040 ## - CATALOGING SOURCE
- Original cataloging agency: NUST
- Transcribing agency: NUST
110 ## - HEADING--CORPORATE NAME
- Corporate name or jurisdiction name as entry element: Supervisor Dr. Hasan Aftab Saeed
670 ## - SOURCE DATA FOUND
- Source citation: Work cat.: (NUST): Jawadullah 84873, TH-SOF-1480-Modeling of Delamination Failure in Woven Fabric Reinforced Composites Under Mixed Mode Loading, 2017.
